000
00239nam a2200097Ia 4500
001
736428
005
20250826163912.0
008
250824s9999 xx 000 0 und d
245
0
_a
İKİZ GEZGİNLER
_c
BETÜL AVUNÇ
260
_b
TUDEM YAYINLARI
999
_c
736428
_d
736428